|
|
|
|
| LEADER |
00000nam a2200000 i 4500 |
| 001 |
115673 |
| 003 |
CZ-ZlUTB |
| 005 |
20260529085400.0 |
| 007 |
ta |
| 008 |
260519t20262026at a g p 000 0 eng d |
| 020 |
|
|
|a 978-0-357-96111-7
|q (brožováno)
|
| 040 |
|
|
|a ZLD002
|b cze
|e rda
|
| 044 |
|
|
|a at
|a bl
|a xxc
|a mx
|a si
|a xxk
|a xxu
|
| 072 |
|
7 |
|a 811.111
|x Angličtina
|2 Konspekt
|9 11
|
| 072 |
|
7 |
|a 37.016
|x Učební osnovy. Vyučovací předměty. Učebnice
|2 Konspekt
|9 22
|
| 080 |
|
|
|a 811.111
|2 MRF
|
| 080 |
|
|
|a (07.064)81
|2 MRF
|
| 100 |
1 |
|
|a Lansford, Lewis
|7 pna2009525967
|4 aut
|
| 245 |
1 |
0 |
|a Keynote 5 :
|b Advanced /
|c Lewis Lansford, Paul Dummett, Helen Stephenson and Richard Walker
|
| 246 |
2 |
8 |
|i Hřbetní podnázev
|a Student's book with the Spark platform
|
| 250 |
|
|
|a Second edition
|
| 264 |
|
1 |
|a Australia ;
|a Brazil ;
|a Canada ;
|a Mexico ;
|a Singapore ;
|a United Kingdom ;
|a United States :
|b National Geographic Learning,
|c [2026]
|
| 264 |
|
4 |
|c ©2026
|
| 300 |
|
|
|a viii, 184 stran :
|b barevné ilustrace ;
|c 28 cm
|
| 336 |
|
|
|a text
|b txt
|2 rdacontent
|
| 337 |
|
|
|a bez média
|b n
|2 rdamedia
|
| 338 |
|
|
|a svazek
|b nc
|2 rdacarrier
|
| 490 |
1 |
|
|a Ted talks
|
| 500 |
|
|
|a Obsahuje přístupový kód k online materiálům
|
| 650 |
0 |
7 |
|a angličtina
|7 ph114056
|2 czenas
|
| 650 |
0 |
9 |
|a English language
|2 eczenas
|
| 655 |
|
7 |
|a jazykové učebnice, texty, příručky (C)
|7 fd600892
|2 czenas
|
| 655 |
|
9 |
|a language textbooks, texts, handbooks (C)
|2 eczenas
|
| 700 |
1 |
|
|a Dummett, Paul
|7 xx0003660
|4 aut
|
| 700 |
1 |
|
|a Stephenson, Helen
|7 mzk2012713340
|4 aut
|
| 700 |
1 |
|
|a Walker, Richard
|4 aut
|
| 830 |
|
0 |
|a Ted talks
|
| 910 |
|
|
|a ZLD002
|
| 942 |
|
|
|2 udc
|
| 952 |
|
|
|0 0
|1 0
|4 0
|5 0
|6 8020LANSFORDL
|7 0
|8 BOOK
|9 191221
|a UTBZL
|b UTBZL
|c 019
|d 2026-05-19
|l 0
|o 802.0/LANSFORD,L.
|p 420010202145
|r 2026-05-19 12:27:21
|v 561.00
|w 2026-05-19
|x N:nákup
|y 08
|
| 952 |
|
|
|0 0
|1 0
|4 0
|5 0
|6 8020LANSFORDL
|7 0
|8 BOOK
|9 191222
|a UTBZL
|b UTBZL
|c 019
|d 2026-05-19
|l 0
|o 802.0/LANSFORD,L.
|p 420010202144
|r 2026-05-19 12:27:33
|v 561.00
|w 2026-05-19
|x N:nákup
|y 08
|
| 992 |
|
|
|b SK
|
| 999 |
|
|
|c 115673
|d 115673
|